| 000 | 00952nam a2200265Ia 4500 | ||
|---|---|---|---|
| 003 | OSt | ||
| 005 | 20221005113245.0 | ||
| 006 | a|||||r|||| 00| 0 | ||
| 007 | ta | ||
| 008 | 221004b |||||||| |||| 00| 0 pan d | ||
| 020 | _c140 | ||
| 024 | _a116615 | ||
| 037 |
_b7848/II, 21/02/2011, Arsee Publishers _cTextual |
||
| 040 |
_aCRL _cCRL _bpan |
||
| 041 |
_2pan _apan |
||
| 082 | _aO153,6:g, Q0 | ||
| 100 | _aਗਰੇਵਾਲ, ਗੁਰਪ੍ਰੀਤ ਕੌਰ | ||
| 245 | 0 | _aਵਾਰਤਕਕਾਰ ਭਗਵੰਤ ਸਿੰਘ ਕੈਲੋ੍ਵ | |
| 260 |
_aਪਟਿਆਲਾ _bਚੋਪਡਾ ਪ੍ਰਕਾਨ ਭਾਰਤ _c2010 |
||
| 300 |
_a90ਪੰ _ccm. |
||
| 650 |
_a ੳਾਂOਛਥ _9624490 |
||
| 650 | _aਪੰਜਾਬੀ ਸਾਹਿਤ | ||
| 942 |
_hO153,6:g, Q0 _cTEXL _2cc |
||
| 999 |
_c1027568 _d1027568 |
||